<?xml version="1.0" encoding="UTF-8"?>
<record
    xmlns:xsi="http://www.w3.org/2001/XMLSchema-instance"
    xsi:schemaLocation="http://www.loc.gov/MARC21/slim http://www.loc.gov/standards/marcxml/schema/MARC21slim.xsd"
    xmlns="http://www.loc.gov/MARC21/slim">

  <leader>02919nmm a22002777a 4500</leader>
  <controlfield tag="001">000321</controlfield>
  <controlfield tag="003">UAHC_CL</controlfield>
  <controlfield tag="005">20260417165305.0</controlfield>
  <controlfield tag="008">260417s2023    cl      o  d  000   spa d</controlfield>
  <datafield tag="040" ind1=" " ind2=" ">
    <subfield code="a">UAHC_CL</subfield>
    <subfield code="c">UAHC_CL</subfield>
    <subfield code="d">UAHC_CL</subfield>
  </datafield>
  <datafield tag="100" ind1=" " ind2=" ">
    <subfield code="a">Gonz&#xE1;lez Arias, Francisca</subfield>
    <subfield code="9">23328</subfield>
  </datafield>
  <datafield tag="245" ind1="1" ind2="0">
    <subfield code="a">Percepciones ambientales frente al extractivismo, sequ&#xED;a y escasez h&#xED;drica, en localidades rurales de Illapel, IV regi&#xF3;n Coquimbo </subfield>
    <subfield code="c">Francisca Gonz&#xE1;lez ; profesor gu&#xED;a Miguel Bahamondes.</subfield>
    <subfield code="b">un an&#xE1;lisis contextual e hist&#xF3;rico</subfield>
  </datafield>
  <datafield tag="260" ind1=" " ind2=" ">
    <subfield code="a">Santiago, Chile :</subfield>
    <subfield code="b">Universidad Academia de Humanismo Cristiano,</subfield>
    <subfield code="c">2024.</subfield>
  </datafield>
  <datafield tag="300" ind1=" " ind2=" ">
    <subfield code="a">124 p&#xE1;ginas.</subfield>
  </datafield>
  <datafield tag="500" ind1=" " ind2=" ">
    <subfield code="a">Tesis para optar al grado de Licenciado/a en Antropolog&#xED;a y al t&#xED;tulo de Antrop&#xF3;logo/a Social.</subfield>
  </datafield>
  <datafield tag="502" ind1=" " ind2=" ">
    <subfield code="a">Tesis (Antropolog&#xED;a) -- Universidad Academia de Humanismo Cristiano, 2024.</subfield>
  </datafield>
  <datafield tag="516" ind1=" " ind2=" ">
    <subfield code="a">Tesis electr&#xF3;nica (PDF). Solicitar env&#xED;o de documento a biblioteca@academia.cl.</subfield>
  </datafield>
  <datafield tag="520" ind1=" " ind2=" ">
    <subfield code="a">La sequ&#xED;a y escasez h&#xED;drica es un tema de conversaci&#xF3;n cada vez m&#xE1;s com&#xFA;n en el colectivo social, de vez en cuando se puede ir caminando por la calle o recorriendo el supermercado, otras veces en la locomoci&#xF3;n colectiva y escuchar el &#x201C;hace tiempo no llueve&#x201D; o &#x201C;no ha llovido&#x201D;, pero esas frases siempre contienen un poco de esperanza para que cada a&#xF1;o sea mejor que el anterior, en ocasiones se recurre a conocimientos tradicionales tales 
como: ver la cantidad de hormigas que hay en el verano para saber si el a&#xF1;o ser&#xE1; bueno o no.  La presente investigaci&#xF3;n se centra geogr&#xE1;ficamente en la IV regi&#xF3;n de Coquimbo, hacia el interior de sus valles transversales, espec&#xED;ficamente en la localidad de Illapel y su ruralidad, los actores principales son dos, los habitantes de las comunidades rurales y el extractivismo minero presente desde hace ya 20 a&#xF1;os. Esto en el contexto clim&#xE1;tico de sequ&#xED;a y escasez h&#xED;drica, la investigaci&#xF3;n pretende unir estos tres puntos existiendo como objetivo describir y analizar la percepci&#xF3;n de los habitantes de localidades rurales de Illapel 
(Limahuida, Canelillo, Ca&#xF1;as 1, Peralillo, entre otras) respecto a la sequ&#xED;a, la escasez de agua y el extractivismo. Se busca comprender c&#xF3;mo estos fen&#xF3;menos son percibidos y experimentados por la comunidad, as&#xED; como las estrategias que han adoptado para enfrentar estos desaf&#xED;os. A trav&#xE9;s de una metodolog&#xED;a cualitativa que incluye entrevistas, encuestas y observaci&#xF3;n participante, se pretende recoger y analizar las voces y experiencias de los residentes, proporcionando una visi&#xF3;n integral de la situaci&#xF3;n actual.</subfield>
  </datafield>
  <datafield tag="650" ind1=" " ind2="0">
    <subfield code="a">Sequ&#xED;as </subfield>
    <subfield code="x">Aspectos sociales</subfield>
    <subfield code="9">17095</subfield>
  </datafield>
  <datafield tag="650" ind1=" " ind2="0">
    <subfield code="a">Abastecimiento de agua</subfield>
    <subfield code="x">Aspectos sociales</subfield>
    <subfield code="z">Chile</subfield>
    <subfield code="9">15858</subfield>
  </datafield>
  <datafield tag="650" ind1=" " ind2="0">
    <subfield code="a">Abastecimiento de agua</subfield>
    <subfield code="9">14764</subfield>
  </datafield>
  <datafield tag="650" ind1=" " ind2="0">
    <subfield code="a">Sequ&#xED;as </subfield>
    <subfield code="x">Aspectos econ&#xF3;micos</subfield>
    <subfield code="9">17096</subfield>
  </datafield>
  <datafield tag="700" ind1=" " ind2=" ">
    <subfield code="a">Bahamondes Parrao, Miguel</subfield>
    <subfield code="9">138</subfield>
    <subfield code="e">profesor gu&#xED;a</subfield>
  </datafield>
  <datafield tag="900" ind1=" " ind2=" ">
    <subfield code="a">TANT 388</subfield>
  </datafield>
  <datafield tag="942" ind1=" " ind2=" ">
    <subfield code="c">TS</subfield>
    <subfield code="2">ddc</subfield>
  </datafield>
  <datafield tag="999" ind1=" " ind2=" ">
    <subfield code="c">63616</subfield>
    <subfield code="d">63616</subfield>
  </datafield>
  <datafield tag="952" ind1=" " ind2=" ">
    <subfield code="0">0</subfield>
    <subfield code="1">0</subfield>
    <subfield code="2">ddc</subfield>
    <subfield code="4">0</subfield>
    <subfield code="7">0</subfield>
    <subfield code="8">COMP</subfield>
    <subfield code="B">ANT</subfield>
    <subfield code="a">BC</subfield>
    <subfield code="b">BC</subfield>
    <subfield code="c">Digital</subfield>
    <subfield code="d">2026-04-17</subfield>
    <subfield code="l">0</subfield>
    <subfield code="o">TANT 388</subfield>
    <subfield code="r">2026-04-17 16:53:21</subfield>
    <subfield code="w">2026-04-17</subfield>
    <subfield code="y">TS</subfield>
    <subfield code="z">Documento en PDF</subfield>
  </datafield>
</record>
